000 00892nam a22003250a 4500
001 PT33200
003 AR-LpoUNG
005 20210131230059.0
008 191001s2006||||ag |||||||||||||||||spa d
020 _a987122060X
_c$13
040 _aAR-LpoUNG
_bspa
_cAR-LpoUNG
_eaacr
041 _aspa
044 _aag
082 0 _a372.21 236exp
100 1 _aMalajovich, Ana
_ecomp.
245 1 0 _aExperiencias y reflexiones sobre la educación inicial :
_buna mirada latinoamericana
250 _a1ª ed.
260 _aBuenos Aires :
_bSiglo Veintiuno,
_c2006.
300 _a252 p. :
_bgráfs., tbls.
650 4 _aAMERICA LATINA
650 4 _aEDUCACION
650 4 _aEDUCACION PREPRIMARIA
650 4 _aENSEÑANZA
650 4 _aPOLITICA EDUCATIVA
650 4 _aPRACTICA PEDAGOGICA
651 4 _aAmérica Latina
653 _aESCUELA INFANTIL
905 _a33200
942 _cLIB
999 _c1291
_d1291